Onion Story or Real Story? Quiz Stats

Quiz Updated Dec 11, 2014

Also try: Cake or Death?
Challenge
Share
Tweet
Embed
Score 0/20 Timer 04:00
1 Play Today
Headline O or R? % Correct
Harley-Davidson, Jack Daniels To Collaborate On Felony ???
81.8%
Study Finds Every Style Of Parenting Produces Disturbed, Miserable Adults???
76.4%
Strapped County Sacks Santa To Save $660???
75.1%
Yard Sale Reeks Of Divorce???
73.7%
Local Child Has Run-Of-The-Mill Imagination???
71.2%
Accused Nigeria Comic To Get Last Laugh on Drug Cops???
70.2%
Parishioners Asked To Attend Church Unarmed ???
70%
Two Dozen More Bodies Found In Lake Wobegon???
69.9%
Local Raccoons Once Again Take The Fall For Area Man???
69.4%
When Pumpkins Attack???
68.9%
Headline O or R? % Correct
Poll: 1 In 5 Americans Believe Obama Is A Cactus???
63.4%
Dad Recounts Amazing Story Of How, Through Quick Thinking, He Saved $4.27???
62.2%
Giant Spider Has New Yorker's In Its Web???
58.5%
Chupacabra Found????
57.9%
Area Man Could Eat???
57%
Strapped Harrisburg Hopes To Cash In Its Wild West Collection???
48.5%
Letter 'G' Goes Missing At Scrabble Championship???
45.6%
450,000 Unsold Earth Day Issues Of Time Trucked To Landfill???
43.9%
Woman Guts Horse, Strips And Climbs In For Photos???
43.8%
Unicorn Found In The Backyard Having A Tea Party???
31.8%

You're not logged in!

Compare scores with friends on all Sporcle quizzes.
Sign Up with Email
OR
Log In

You Might Also Like...

Show Comments

Extras

Top Quizzes Today


Score Distribution

Your Account Isn't Verified!

In order to create a playlist on Sporcle, you need to verify the email address you used during registration. Go to your Sporcle Settings to finish the process.